[Event "Hoogovens-B"]
[Site "Wijk aan Zee"]
[Date "1997.01.26"]
[Round "5"]
[White "Dao, Thien Hai"]
[Black "Atalik, Suat"]
[Result "1/2-1/2"]
[WhiteElo "2555"]
[BlackElo "2555"]
[Annotator "Atalik,S"]
[PlyCount "130"]
[EventDate "1997.01.21"]
[EventType "tourn"]
[EventRounds "11"]
[EventCountry "NED"]
[EventCategory "10"]
[SourceTitle "CBM 057"]
[Source "ChessBase"]
[SourceDate "1997.04.01"]
[SourceVersion "1"]
[SourceVersionDate "1997.04.01"]
[SourceQuality "1"]

1. d4 Nf6 2. c4 g6 3. Nc3 d5 4. cxd5 Nxd5 5. e4 Nxc3 6. bxc3 Bg7 7. Bb5+ {
Vietnamli GM Dao Thien Hai n surekli oynadigi bir varyant.Bir sure  benimde
uyguladigim bu varyant siyah dogru devam etmezse cok tehlikeli olabilir.} c6 8.
Ba4 O-O 9. Ne2 Be6 {Bu hamle cok oynanmasa bile GM Gata Kamsky nin damgasini
tasiyor. Dao bu varyanta karsi pek oynamamis olsa gerek.} 10. O-O (10. Bb3 Bxb3
11. axb3 Nd7 12. O-O c5) 10... Qa5 $1 {Bu hamle beyazlarin ana planlarini
bozuyor.Beyaz erin b3 egecememesi onemli.} 11. Bb3 Bxb3 12. Qxb3 Qa6 (12... Qb5
13. Qxb5 cxb5 14. Rb1 a6 15. a4 bxa4 16. Rxb7 $18) 13. Re1 c5 14. Rb1 Nc6 {
Bu hamle ilginc,fakat belki de gereksiz.} (14... cxd4 15. cxd4 Nc6 16. d5 (16.
Qxb7 $6 Qxa2) 16... Na5 17. Qa4 b6 18. Ba3 Rfe8 19. Rbc1 (19. Nd4 $6 Qc4) (19.
Bb2 Bxb2 20. Rxb2 Rac8 21. Nd4 Qc4 $1) 19... b5 $1 20. Qc2 Rac8 21. Qb1 Nc4 $36
) 15. Qxb7 Qxb7 16. Rxb7 cxd4 17. cxd4 Nxd4 18. Nxd4 Bxd4 19. Rxe7 {Siyahlarin
piyon fedasiyla ortaya ilginc bir konum cikti.Fazla er gozuktugu kadar onemli
degil.} Rac8 $6 {Bu hamle supheli ve gereksiz,19...Kfc8 oyunu hemen esitlerdi.}
(19... Rfc8 20. Rd7 Bb6 21. Bh6 (21. Be3 Rc2 22. a4 Rc4 23. a5 Bxa5 24. Ra1 Bc3
(24... Bb4 $11 25. Rdxa7 Rxa7 26. Rxa7)) 21... Rc2 22. Rd2 Rac8 23. Red1 Rxd2
24. Bxd2 Rc2 25. a4 Ra2 26. a5 $11) 20. Rd7 Bb6 21. Bh6 Rfe8 (21... Rc2 $2 22.
Bxf8 Bxf2+ (22... Rxf2 23. Kh1 Kxf8 24. a4 $16) 23. Kf1 Bxe1 24. Bh6 Bh4 25. g3
Bf6 26. e5 $18) 22. Kf1 Rc2 23. Rd2 Rc4 24. Rde2 (24. f3 $2 Ba5 $17) 24... f6 {
Forse hamleler neticesinde yukarida ki konuma geldik.Siyah taslarin aktivitesi
piyon eksikligini karsiliyor.} 25. Bd2 $6 {GM Dao siyah kalenin h4
egecebilleceginden cekiniyor.} (25. e5 Rxe5 (25... Rh4 26. Bg7 $1 f5 (26...
fxe5 $8 27. Bxe5 $14 (27. Rxe5 Rc8 28. Re7 Rc2 29. R1e2 Rxe2 30. Kxe2 Ra4 $11))
27. Bf6 Rxh2 28. Kg1 Rh5 29. Rd1 $16) 26. Rxe5 fxe5 27. Rxe5 Rh4 28. Re8+ Kf7
29. Rf8+ Ke6 (29... Ke7 30. Bg5+) 30. Bf4 g5 31. Bxg5 Rxh2 32. Rf6+ Kd5 33. Rh6
$18) 25... Rd8 26. f3 Kf7 27. Be3 $6 {Bu tarz pozisyonlarda sadece kaleler
kazanmaya yetmez.Dogru karar bir cift kaleyi kesmeye calismakti.} (27. Rc1
Rxc1+ 28. Bxc1 Rc8 29. Bb2 Ke6 $16) 27... Bxe3 28. Rxe3 Ra4 29. R3e2 g5 $1 {
Beyazlari fazla erlerinin oldugu kanatta durdurmak lazim.} 30. Rc1 Rd6 31. Kf2
Kg6 32. Rb2 Rda6 33. Rcc2 Ra3 {Siyahlar beyazlarin en zayif noktasi olan a
erine basarak karsi sans elde ettiler.} 34. Kg3 h6 35. Rb7 $5 {Az taslada olsa
GM Dao mat hucumuna kalkiyor.} f5 $8 (35... Rxa2 $4 36. Rcc7 Kh5 37. Kh3 $18)
36. exf5+ Kxf5 37. Rbb2 R3a4 38. Kf2 Kg6 39. Ke1 Rh4 $1 {Bu gibi durumlarda
materyel eksik olan tarafin rakibi rahatsiz ederek zayiflik yaratmaya
calismasi lazim.} 40. h3 Rha4 41. Kf2 {g3 karesine siyah sahin girisinden
korkan GM Dao sah kanadina geri donuyor.} h5 42. Kg1 g4 43. hxg4 hxg4 44. fxg4
Rxg4 45. Rf2 Rga4 46. Rbc2 Ra3 47. Kf1 Re6 48. Rc4 {Bu mat hucumu sonucu
degistirebilecek nitelikte degil.} Rea6 49. Rcc2 (49. Rg4+ Kh5 50. Rg8 Rxa2 51.
Rf5+ (51. Rf3 R2a3 $11) 51... Kh6) 49... Re6 50. Rcd2 {[#]} Rf6 {2 kaleyle
zaman siksmasinda savunmanin zor olacagini varsayan siyahlar tek kale
finalinin berabere oldugunu gorunce kalerden birini kesiyorlar.} 51. Ke1 Rxf2
52. Rxf2 a5 53. Kd1 a4 54. Kc1 Rg3 $1 {Siyalarin plani oldukca basit :beyaz
sah hangi kanada giderse aksi taraftaki ere saldir.} 55. Kb1 Kg7 56. Kc2 Kg6
57. Kb2 Kg7 58. Ka1 Kg6 59. Kb1 Kg7 60. Rf4 {Beyaz son bir deneme daha yapiyor.
} Rxg2 61. Rxa4 Kf7 62. Re4 Rg6 {Bu kullanilan en saglam berabere yontemi.} (
62... Kf6 63. a4 Rh2 64. a5 Rh8 65. a6 Ra8 66. Ra4 Ke6 $11) 63. Kc2 Re6 64. Kd3
Rxe4 65. Kxe4 Ke6 1/2-1/2

[Event "YUG-chT"]
[Site "Vrnjacka Banja"]
[Date "1998.08.28"]
[Round "7"]
[White "Gligoric, Svetozar"]
[Black "Atalik, Suat"]
[Result "0-1"]
[WhiteElo "2495"]
[BlackElo "2585"]
[Annotator "Atalik,S"]
[PlyCount "86"]
[EventDate "1998.08.??"]
[EventType "team"]
[EventRounds "11"]
[EventCountry "YUG"]
[SourceTitle "CBM 068"]
[Source "ChessBase"]
[SourceDate "1999.02.01"]
[SourceVersion "1"]
[SourceVersionDate "1999.02.01"]
[SourceQuality "1"]

{[%mdl 4]} 1. d4 Nf6 2. c4 g6 3. Nc3 d5 4. cxd5 Nxd5 5. e4 Nxc3 6. bxc3 Bg7 7.
Nf3 c5 8. Rb1 O-O 9. Be2 Qa5 $5 {One of my pet lines against Rb1,Be2 in
Gruenfeldt.} 10. Rb5 $6 (10. O-O Qxc3 11. d5 {or} (11. Bd2 Qa3 12. Qc2 Bd7)
11... Qa5 {are normal.}) 10... Qxc3+ 11. Bd2 Qa3 12. Rxc5 (12. Ra5 Qb2 13. Rxc5
{can be considered better then the game continuation.}) 12... Nc6 (12... Qxa2 {
transposes to the variation mentioned above.} 13. O-O Bg4 14. d5 Nd7 15. Ra5
Qb2 16. Rb5 Qa2 17. Rxb7 Rfb8 18. Qb1 Qxb1 19. Rfxb1 Rxb7 20. Rxb7 a5 $13) (
12... Bg4 $5 13. Rc7 {is the move I did not like in the game though black
should not have any particular problems after that.} Nc6 14. d5 Bxf3 15. Bxf3
Nd4 $36) 13. Rc4 $8 Bg4 14. d5 Bxf3 15. gxf3 $8 (15. Bxf3 Ne5 16. Rc7 Nd3+ 17.
Kf1 Bd4 18. Bg5 Rfc8 19. Rxb7 (19. Bxe7 Qxa2 $19) 19... Qa6 $1 20. Be2 Qxb7 $19
) 15... Nd4 $5 (15... Ne5 16. Ra4 $1 (16. Rc2 $2 Rfc8) (16. Rc7 $2 Rfc8 17.
Rxb7 Rab8 18. Qb3 $2 (18. Bb4 Nxf3+ $1 19. Kf1 (19. Bxf3 Bc3+ $19) 19... Qxa2
20. Rxb8 Rxb8 21. Bxf3 Rxb4 $19) (18. Rxb8 Rxb8 19. f4 (19. O-O Qxa2 $19) 19...
Nd3+ 20. Bxd3 Qxd3 $19) 18... Rc1+ 19. Bxc1 Qxc1+ 20. Bd1 Rxb7 21. Qxb7 Nd3+
22. Ke2 Nf4+ 23. Ke1 Bc3+ $19) 16... Qd6 17. O-O Nd7 $15) 16. Bb4 $8 (16. Rc7
$2 Rfc8 17. Rxb7 Nxe2 18. Qxe2 Rc2 $19) 16... Qb2 17. Qd2 (17. Bxe7 $2 Rfc8 18.
Rxc8+ (18. Rxd4 Bxd4 $19 (18... Rc1 19. Qxc1 Qxc1+ 20. Rd1 Qb2 $19)) 18... Rxc8
$19 {is simply irresistable.} 19. Bg5 Rc2 20. Bd3 Rxf2 21. Qc1 Nxf3+ 22. Kd1
Nxg5 $19) 17... Qb1+ 18. Rc1 $2 {white should have tried to exchange queens.} (
18. Qd1 $1 Nc2+ (18... Qxa2 $2 19. Rxd4 Qb2 (19... Bxd4 20. Qxd4 $18) 20. e5
Rfc8 21. O-O Bxe5 22. Rh4 $1 (22. Re4 f5 $44) 22... Bf6 23. Re4 $18) 19. Kf1 $1
Qxd1+ 20. Bxd1 Nxb4 21. Rxb4 $11) 18... Nc2+ {the point in16... Nd4.} 19. Qxc2
Qxb4+ 20. Kf1 Rab8 $1 $17 {This type of position now is very difficult for
white with the queens over the board.} 21. Kg2 Bh6 $1 {taking the control of c
file.} 22. Rb1 Qd6 23. h4 (23. Qa4 a6 24. Qd4 (24. Qb4 Qe5) 24... Qf4) 23...
Rfc8 24. Qd3 Qe5 25. Rb3 Rc7 26. Qb1 $6 {The start of a dubious plan.} Bg7 $1 {
blacks plan is highly venomous.He aims to play h5 followed by Bf6.} 27. Ba6 $6
(27. Rc1 Bf6 28. Rxc7 Qxc7 29. h5 gxh5 $5 {<->g}) 27... b6 28. Bb5 Rc5 29. Ra3
{White is not aware of blacks plan.} (29. Rc1 Qf4 30. Rxc5 bxc5 31. Bc4 Rxb3
32. Qxb3 Be5 $19) (29. Qd3 $142 {centralisation was required.}) 29... h5 30.
Rxa7 Bf6 $1 $19 {There is no defence against 30... Bh4.} 31. Bd7 Bxh4 32. Rxh4
{What else,whites position was already in ruins.} Qg5+ 33. Kh3 Rc1 34. f4 (34.
Qxc1 Qxc1 $19) 34... Qg1 $6 (34... Rc3+ 35. Kh2 Qxh4+ 36. Kg2 Qxf4 $19 {
was even simpler.}) 35. Qxc1 Qxc1 36. Kg2 Qe1 37. Ra4 $6 (37. Kf3 Qc3+ 38. Kg2
b5 $5 $19) 37... b5 38. Rd4 Ra8 39. Rh1 Qe2 40. e5 Rxa2 41. Rf1 Rd2 $1 42. Rxd2
Qxd2 43. Bc6 b4 0-1

[Event "CRO Cup"]
[Site "Sibenik"]
[Date "2006.05.11"]
[Round "2"]
[White "Kozul, Zdenko"]
[Black "Atalik, Suat"]
[Result "1/2-1/2"]
[WhiteElo "2606"]
[BlackElo "2632"]
[Annotator "Atalik,S"]
[PlyCount "89"]
[EventDate "2006.05.10"]
[EventType "team"]
[EventRounds "5"]
[EventCountry "CRO"]
[SourceTitle "CBM 112 Extra"]
[Source "ChessBase"]
[SourceDate "2006.07.14"]
[SourceVersion "1"]
[SourceVersionDate "2006.07.14"]
[SourceQuality "1"]

{This years European Champion Zdenko was always a difficult opponent for me.I
have lost to him on several occasions,blew up some good positions and have
never have won a single game against him.Today I was looking for a change.} 1.
d4 Nf6 2. c4 g6 3. Nc3 d5 4. cxd5 Nxd5 5. e4 Nxc3 6. bxc3 Bg7 7. Nf3 c5 8. Rb1
O-O 9. Be2 cxd4 10. cxd4 Qa5+ 11. Bd2 Qxa2 12. O-O Bg4 13. Bg5 h6 14. Bh4 a5
15. Re1 $5 $146 {I was really surprised for Zdenko's opening choice.8.Rb1 is
really a very sharp line requiring a lot of knowledge in theory.Zdenko can
handle sharp positions because of his natural talent but was never a real
theoretician unless the game was evolved around his special positions where he
usually made the theory himself.That is why I was surprised abou his choice
and his last move as usual is an over the board novelty.} Bxf3 $2 {This early
exchange on f3 gave him a free choice to push whichever central pawn forward
he wants according to the circumstances.} (15... Nc6 $2 16. d5) (15... g5 $1
16. Bg3 Nc6 17. d5 (17. Ra1 Qb2 18. Rb1 Qa3 19. d5 Bxf3 20. Bxf3 Nd4) 17...
Bxf3 18. Bxf3 (18. dxc6 $2 Bxe4 19. cxb7 Rad8 20. b8=Q (20. Qxd8 Rxd8 21. b8=Q
Rxb8 22. Rxb8+ Kh7 $19) 20... Rxd1 $19) 18... Nd4 19. Rxb7 a4 $13) 16. Bxf3 g5
17. Bg3 Nc6 18. e5 $1 $16 Qc4 (18... Rad8 19. d5 Nb4 20. Re2 (20. d6 exd6 21.
exd6 b5 22. d7 $44) 20... Rxd5 21. Bxd5 Qxd5 22. Qxd5 Nxd5 23. Rxb7 $16) 19. d5
Nd4 20. Be4 (20. Rxb7 $2 a4 21. Rxe7 a3 22. d6 Nxf3+ 23. gxf3 a2 $44) 20... b5
21. h4 f5 (21... gxh4 $2 22. Bf4 $1 (22. Bxh4 Ra7 $13)) 22. exf6 exf6 23. Rc1
Qb4 24. hxg5 (24. d6 $5 Rad8 $13 (24... gxh4 $2 25. Bxa8 hxg3 26. Bd5+ Kh8 27.
d7 gxf2+ 28. Kxf2 $18)) 24... fxg5 25. Bc7 $2 {He had two better options than
this one.} (25. Rc7 $5 Rae8 26. d6 Kh8 27. Re3 $16) (25. d6 $1 Rad8 26. Bb1 $1
(26. Qh5 Rxd6 27. Bxd6 Qxd6 $17) 26... Rxd6 27. Bxd6 Qxd6 28. Qd3 b4 29. Qh7+
Kf7 30. Re3 $18) 25... Qb2 $1 {f2 is the vulnerable part in white's set up.}
26. f3 g4 (26... Nf5 $5 {did not occur to me during the game.} 27. d6 (27. Bxf5
Rxf5 28. d6 g4 $13) 27... Bd4+ 28. Kh1 Ng3+ 29. Kh2 Qf2 30. Qb3+ Kh8 31. Qe6
Rf6 32. Qh3 Nxe4 33. Rxe4 g4 $1 $13) 27. d6 gxf3 28. gxf3 Rae8 $2 {I did not
want to make a draw here but it seems that my decision can not be justified.} (
28... Be5 $1 29. Bxa8 Qh2+ (29... Bg3 $2 30. Rc2 (30. Bd5+ $2 Kh8 31. Rc2 Nxc2
32. Re2 Qg7 $17) 30... Nxc2 31. Re2 Qd4+ 32. Qxd4 Nxd4 33. Bd5+ Kh8 34. Re4
Nxf3+ 35. Kg2 Be5 36. Bxa5 Bxd6 37. Re6 Nh4+ 38. Kh3 Nf5 39. Bc3+ Kh7 40. Be4
$18) 30. Kf1 Qh3+ 31. Kf2 Qh4+ $1 32. Ke3 Nf5+ 33. Ke2 Ng3+ $11) (28... Rf4 $5
{is a very interesting possibility which I have rejected due to his queen sac.}
29. Bxa8 Nxf3+ 30. Bxf3 Bd4+ 31. Qxd4 Qxd4+ 32. Kg2 Rg4+ (32... Qd2+ 33. Kg3
Rf7 $13) 33. Bxg4 Qxg4+ 34. Kf2 Qf4+ 35. Ke2 Qe4+ $11) 29. d7 $2 $138 ({
We both missed} 29. Bd5+ Kh8 30. Rxe8 Rxe8 31. d7 Rf8 32. Kh1 Bf6 33. d8=Q Bxd8
34. Be5+ Bf6 35. Bxf6+ Rxf6 36. Rc8+ Kh7 37. Rc7+ Kh8 38. Qg1 $1 $18) 29...
Nxf3+ $1 {This eliminates his dangerous passer.} 30. Qxf3 (30. Bxf3 Rxe1+ 31.
Qxe1 Qd4+ $11) 30... Qd4+ 31. Kh1 Qxd7 32. Qg2 (32. Qg3 Kh8) 32... Kh8 33. Bh2
(33. Bg3 Qg4) 33... Qe6 $1 $11 34. Rc7 Rf7 35. Rxf7 Qxf7 36. Rc1 Qf6 37. Rf1
Qh4 38. Bc6 Re1 39. Bxb5 Rxf1+ 40. Bxf1 Qb4 $6 $138 (40... Be5 {could have
equalised right away.} 41. Qa8+ Kg7 42. Qb7+ Kf6 43. Qb6+ (43. Qa6+ Kg5 44. Qe2
$11) 43... Kg7 44. Qa7+ Kf6 $11) 41. Qa8+ $2 {I personally do not believe that
white can win this ending but his one allows black to draw immediately.} (41.
Qd5 a4 42. Bc4 Qe1+ 43. Kg2 Qe8 44. Bd6 $14) 41... Qf8 42. Qg2 a4 43. Bc4 a3
44. Qd5 a2 $1 {Black secures a draw by perpetual check.} 45. Bxa2 1/2-1/2

[Event "Lee Cup 3rd"]
[Site "Beijing"]
[Date "1996.??.??"]
[Round "11"]
[White "Wang, Yaoyao"]
[Black "Atalik, Suat"]
[Result "0-1"]
[WhiteElo "2410"]
[BlackElo "2525"]
[Annotator "Atalik,S"]
[PlyCount "76"]
[EventDate "1996.08.??"]
[EventType "swiss"]
[EventRounds "11"]
[EventCountry "CHN"]
[SourceTitle "CBM 054 Extra"]
[Source "ChessBase"]
[SourceDate "1996.11.01"]
[SourceVersion "1"]
[SourceVersionDate "1996.11.01"]
[SourceQuality "1"]

1. d4 Nf6 2. c4 g6 3. Nc3 d5 4. cxd5 Nxd5 5. e4 Nxc3 6. bxc3 Bg7 7. Be3 c5 8.
Qd2 Qa5 9. Rb1 (9. Rc1 cxd4 10. cxd4 Qxd2+ 11. Kxd2 O-O 12. Nf3 Rd8 13. Rc7 (
13. Bb5 Bd7 14. Bxd7 Nxd7 15. Rc7 Ne5 $1 $10) 13... Nc6 14. d5 e6 15. Bg5 f6
$17) 9... b6 10. Bb5+ Bd7 11. Bxd7+ $6 (11. Be2 Nc6 12. Nf3 O-O 13. Rc1 Bg4 $1
$36) 11... Nxd7 12. Ne2 O-O 13. O-O Rfd8 14. Bg5 cxd4 15. cxd4 (15. Bxe7 dxc3
16. Qd1 $8 Qxa2 17. Ra1 Qd2 $1 18. Bxd8 Rxd8 19. Qxd2 cxd2 20. Rxa7 Ne5 $1 21.
Rd1 Nc4 22. Ra2 Nb2 23. Rxb2 Bxb2 $19) 15... Qxd2 16. Bxd2 Nc5 17. e5 Ne6 (
17... Bxe5 $2 18. Bc3) 18. Be3 Rd7 19. Rbc1 Rad8 20. Rc6 Rc7 21. Rfc1 $2 (21.
Rxc7 Nxc7 22. Rc1 (22. Nc3 f6 23. f4 Kf7) 22... Nd5 $15) 21... Rxc6 22. Rxc6
Bxe5 23. g3 Nxd4 24. Bxd4 Bxd4 25. Rc7 Bc5 26. Rxa7 Rd2 27. Kf1 e5 28. g4 Kg7
29. g5 Rc2 30. f3 Rc4 (30... Be3 31. h4 Rc4 (31... Bc5 32. Ra4) 32. Re7 Rxh4
33. Rxe5) 31. Ng3 Rc1+ 32. Ke2 (32. Kg2 Rc2+ 33. Kh3 Rf2 34. Kg4 Rxh2 35. Ne4
Rg2+ 36. Kh3 Rc2 37. Kg4 Be3) 32... Rc3 33. Ne4 Re3+ 34. Kd2 Rxf3 (34... Bd4
35. Nf6 (35. Nd6 Rxf3 36. Ne8+ Kf8 37. Nf6 h6 38. gxh6 Rxf6 39. Ra8+ Ke7 40. h7
Rf2+ 41. Kd3 Rxh2 $19) 35... Rxf3 36. Ne8+ Kf8) 35. a4 (35. Nxc5 bxc5 $19)
35... Bb4+ 36. Ke2 Rf4 37. Kd3 h6 38. Rb7 Ba5 0-1

[Event "Lee Cup 3rd"]
[Site "Beijing"]
[Date "1996.??.??"]
[Round "8"]
[White "Atalik, Suat"]
[Black "Ftacnik, Lubomir"]
[Result "1/2-1/2"]
[WhiteElo "2525"]
[BlackElo "2610"]
[Annotator "Atalik,S"]
[PlyCount "67"]
[EventDate "1996.08.??"]
[EventType "swiss"]
[EventRounds "11"]
[EventCountry "CHN"]
[SourceTitle "CBM 054 Extra"]
[Source "ChessBase"]
[SourceDate "1996.11.01"]
[SourceVersion "1"]
[SourceVersionDate "1996.11.01"]
[SourceQuality "1"]

1. d4 Nf6 2. c4 g6 3. Nc3 d5 4. Nf3 Bg7 5. cxd5 Nxd5 6. e4 Nxc3 7. bxc3 c5 8.
Bb5+ Bd7 (8... Nc6 9. O-O cxd4 10. cxd4 O-O 11. Be3 Bg4 12. d5 $5 {Peev} Ne5 (
12... Bxa1 13. Qxa1 Na5 14. Bh6 f6 15. Bxf8 Kxf8 16. Nd4) 13. Rb1 $1 Nxf3+ 14.
gxf3 Bh3 (14... Bh5 {! Ghinda} 15. Be2 Qd7 16. f4 Bxe2 17. Qxe2 f5 18. Qb5 Rfd8
19. Qxd7 Rxd7 20. f3) 15. Re1 f5 (15... Bc3 16. Bh6 (16. Bf1 Bxe1 17. Bxh3 Bc3
18. Rxb7 $44) (16. Re2 e6 17. Rc2 Qf6 18. f4) 16... Bxe1 17. Qxe1 e6 (17... e5
18. Qe3) (17... Rc8 18. Bxf8 Qxf8 (18... Kxf8 19. Qe3 Kg7 20. f4) 19. Qe3 b6
20. f4) 18. Qc3 f6 19. f4) 16. Kh1 $1) 9. Bxd7+ Qxd7 10. O-O O-O 11. Be3 cxd4
12. cxd4 e6 13. Ne5 $5 Qd6 (13... Bxe5 $1 14. dxe5 Qxd1 15. Rfxd1 Nc6 16. Rd7 (
16. Rab1 b6 $1 (16... Nxe5 $5 17. Rxb7 Rfb8 $1 18. Rxb8+ (18. Rdb1 Rxb7 19.
Rxb7 a5) 18... Rxb8 19. h3 $16 (19. Bxa7 Ra8 20. Bd4 Rd8)) 17. f4 Rac8 $5 (
17... Rfd8 18. Rd6) 18. Rd7 (18. Rbc1 Rc7 19. Rc2 Rfc8 20. Rdc1 Kf8) 18... Rfd8
19. Rxd8+ (19. Rbd1 Kf8) 19... Rxd8 20. Rc1 Rc8 21. Kf2 $14) (16. f4 Rfd8 17.
Rd6 Kf8) 16... b6 17. f4 Rfd8 18. Rad1 $140 (18. Rc7 Rac8 19. Rxc8 (19. Rb7 Rd3
) 19... Rxc8 20. Rd1 Rd8 21. Rc1 Rc8 22. Kf2 Kf8 $10) (18. Rb7 Rab8 (18... Rd3
$2 19. Kf2 Nb4 20. Rc1 Nxa2 21. Rcc7 Nc3 22. Rxf7 Nd1+ 23. Ke2 Rxe3+ 24. Kxd1
Rxe4 25. Rg7+ Kf8 26. Rxh7 Kg8 27. Rbg7+ Kf8 28. Rd7 Kg8 29. g3) 19. Rxb8 Rxb8
$10) 18... Kf8) 14. Qb3 (14. Bf4 Re8 $8 (14... Rd8 $4 15. Nxf7 Qxf4 16. Nxd8) (
14... Qa6 $6 15. d5) (14... Nc6 $2 15. Nxg6 Qxd4 16. Nxf8 Qxa1 17. Qxa1 Bxa1
18. Nxe6) (14... Rc8 $4 15. Nxg6 Qxd4 16. Ne7+ $18) 15. Nxg6 $2 (15. Qa4 Nc6) (
15. Rb1 Qa6 (15... Nc6 16. Rxb7) 16. Qb3 Nc6 17. Nxc6 (17. Qxb7 Qxb7 18. Rxb7
Nxd4 $132) 17... bxc6 $10) 15... Qxd4 16. Qxd4 Bxd4 17. Rad1 Nc6 $15 (17... e5
18. Nh4 Nc6 19. Bg5 Kg7 20. Nf5+ Kg6 21. Be3 $13) (17... Bxf2+ 18. Rxf2 hxg6
19. Be5 Nc6 20. Bf6 $18)) 14... Nc6 15. Nxc6 Qxc6 $6 (15... bxc6 16. e5 (16.
Qa4 e5) (16. Rfd1 $5) 16... Qd5 17. Rab1 $14 {xBf8,b line.}) 16. d5 exd5 (16...
Qd6 17. Rac1 $1 $16 {with the idea of Bc5}) (16... Qd7 17. Rad1 Rfc8 18. dxe6
Qxe6 19. Qxb7 Qxa2 20. Rd2 $1 Qa4 (20... Qe6 21. Bxa7) 21. Rd7 Qa2 22. Bxa7 $14
) 17. exd5 Qd7 18. Rad1 (18. Rab1 b6 19. Bf4 $16) 18... b5 (18... Be5 19. d6)
19. d6 a5 20. Rfe1 Rfe8 21. Bc5 $1 Bf8 $1 $8 (21... Bf6 22. Qf3 Kg7 23. Be3 Be5
24. Bh6+ Kxh6 25. Rxe5 Rxe5 26. Qf4+ Rg5 27. h4 f6 28. Rd5 $18) 22. Qd5 b4 23.
g3 Rxe1+ 24. Rxe1 Rd8 25. Re4 $1 {xf7} Qb5 26. Rf4 Qe8 $8 (26... Rd7 27. Qe5
Rd8 (27... h6 28. Qe8) 28. Rxf7 $1 Kxf7 29. Qd5+ $18) (26... Qd7 27. Bb6 Re8
28. Bxa5 Re1+ 29. Kg2) 27. Re4 Qb5 28. Rf4 $2 (28. Rd4 $1 Rc8 (28... Bg7 29.
Rf4 Rd7 30. Qa8+ Bf8 31. Qe8 $18) (28... Bxd6 29. Bxd6 Qxd5 30. Rxd5 a4 31. Rd4
$18 b3 32. axb3 axb3 33. Be5) (28... Re8 29. Kg2) 29. d7 Rd8 30. Ba7 $1 $18 {
Ftacnik} Qa6 31. Rf4 Qe6 32. Qxe6 fxe6 33. Rd4) 28... Qe8 29. a3 $2 Qe6 30.
Qxe6 fxe6 31. axb4 axb4 32. Rxb4 Bxd6 33. Bxd6 Rxd6 34. Rb8+ 1/2-1/2

[Event "EU-ch 4th"]
[Site "Istanbul"]
[Date "2003.06.07"]
[Round "8"]
[White "Beliavsky, Alexander G"]
[Black "Atalik, Suat"]
[Result "1-0"]
[WhiteElo "2649"]
[BlackElo "2568"]
[Annotator "Atalik,S"]
[PlyCount "61"]
[EventDate "2003.05.30"]
[EventType "swiss"]
[EventRounds "13"]
[EventCountry "TUR"]
[SourceTitle "CBM 096"]
[Source "ChessBase"]
[SourceDate "2003.09.25"]
[SourceVersion "1"]
[SourceVersionDate "2003.09.25"]
[SourceQuality "1"]

1. d4 Nf6 2. c4 g6 3. Nc3 d5 {I have decided to play the Gruenfeld against
Sasha since he does not have a clear map of opening against it.} 4. cxd5 Nxd5
5. e4 Nxc3 6. bxc3 Bg7 7. Bb5+ {This time he goes for this. I had some
practice in the white side of this opening in mid 90s.} c6 8. Ba4 O-O 9. Ne2 a5
({I did not want to repeat what I was used to do in 20th century!} 9... c5 10.
O-O Nc6 11. Be3 Na5 12. Rb1 b6 13. Bb5 Bb7 14. f3 cxd4 15. cxd4 e6 16. Qd2 $14)
10. O-O b5 11. Bc2 $5 {This is what I did against Lubo in Moscow Olympiad.} (
11. Bb3 a4 12. Bc2 c5 13. Be3 cxd4 14. cxd4 Ba6 15. Rb1 Nc6 16. d5 Ne5 17. Nd4
Qd7 $13 {Sokolov-Ma.Tseitlin,Ljubljana(Euro Club Cup) 1995.}) 11... c5 12. Be3
cxd4 (12... Ba6 {I did not like the looks of the usual} 13. dxc5 b4 14. Qxd8
Rxd8 15. Rfd1 Rc8 {Atalik-Ftacnik,Moscow(ol)1994.} 16. Nd4 $1 $40) 13. cxd4 e6
$146 14. e5 $5 {Shutting Bg7 and preparing kingside attack. Typical for Sasha.}
Na6 $5 {The knight should aim to reach d5 square.} 15. Nc3 Nc7 16. Ne4 Nd5 17.
Bg5 Qb6 18. Bb3 h6 $2 {First serious mistake in the game. I could not figure
out that I could immediately have an equal game.} (18... Bb7 19. Bxd5 Bxd5 20.
Nf6+ Bxf6 21. Bxf6 h5 22. Qc1 Kh7 23. Qf4 Qb7 (23... Rfc8 $2 24. Be7) 24. f3
Rfc8 $11) 19. Bxd5 exd5 20. Nf6+ Bxf6 (20... Kh8 21. Bf4 $16) 21. Bxf6 Bd7 22.
f4 $1 {Very strong! I have missed this move since it looks very
anti-positional.} (22. Qd2 Kh7 23. Be7 Rfe8 24. Bc5 Qe6 25. a3 $14) 22... Kh7
$2 {I had a better alternative.} (22... Rac8 23. f5 Rc4 $1 24. Qd2 (24. e6 $2
fxe6 25. fxg6 Rxf6 26. Rxf6 Rxd4 $19) 24... Kh7 25. Be7 $16 Re8 26. Bc5 Rxc5
27. fxg6+ fxg6 28. dxc5 Qxc5+ 29. Kh1 Bf5 30. Rac1 $16) 23. g4 $1 Rac8 24. f5
Rg8 25. Kh1 Qc6 26. e6 $1 $18 {Missed this one as well.} Be8 (26... fxe6 27.
fxg6+ Rxg6 28. Be5 $18 {Black is all tied up.}) 27. Rc1 $1 {Sasha finishes me
off by very powerful moves.} Qb7 (27... Qxc1 28. Qxc1 Rxc1 29. Rxc1 gxf5 30.
gxf5 $18) 28. fxg6+ $2 {This is really unnecessary.} (28. Qf3 $18 {wins
rightaway.}) 28... Rxg6 29. Qf3 Rc6 $4 {The final nail on my coffin.} ({
I could almost equalized by} 29... fxe6 30. Be5 (30. Rxc8 Qxc8 31. Be5 Qc2 $11)
30... Rc4 31. Qf8 Rg8 32. Qf6 Qd7 $13) 30. Rxc6 Bxc6 (30... Qxc6 31. exf7 Bxf7
32. Be5 Bg8 33. Qf8 Qd7 34. Rc1 $18) 31. h4 $1 $18 1-0